[Event "Summer Cup"]
[Site "Wellington Chess Club"]
[Date "2021.03.25"]
[Round "7.14"]
[White "Loke, Kayden"]
[Black "Tanoi, Edward"]
[Result "0-1"]
[WhiteElo "1608"]
[BlackElo "1934"]

1. e4 d6 2. f4 Nf6 3. Nc3 Nbd7 4. d4 e5 5. dxe5 dxe5 6. fxe5 Nxe5 7. Qxd8+ Kxd8
8. Nf3 Nxf3+ 9. gxf3 Bb4 10. Bg5 Ke8 11. Bf4 c6 12. Rg1 Nh5 13. Be3 Be6 14. Be2
Rg8 15. e5 g6 16. Bh6 Rd8 17. f4 Ng7 18. Bxg7 Rxg7 19. Bg4 Rd5 20. Bxe6 fxe6
21. Rf1 Rgd7 22. Rf2 Rd4 23. Rd1 Re4+ 24. Kf1 Rxd1+ 25. Nxd1 Re1+ 0-1

[Event "Summer Cup"]
[Site "Wellington Chess Club"]
[Date "2021.03.25"]
[Round "7.15"]
[White "Hall, Nathan"]
[Black "Ackroyd, William"]
[Result "1-0"]
[WhiteElo "1867"]
[BlackElo "1670"]

1. d4 Nf6 2. Bg5 c5 3. dxc5 Qa5+ $6 { Inaccuracy. e6 was best. }  (3... e6 4.
Nf3 Bxc5 5. e3 O-O 6. c4 Bb4+ 7. Nbd2 Be7 8. Be2) 4. Nc3 $6 { Inaccuracy. Qd2
was best. }  (4. Qd2 Qxd2+ (4... Qxc5 5. Nc3) 5. Nxd2 Na6 6. e4 Nxc5 7. f3 a6
8. Ne2 b5) 4... Qxc5 $6 { Inaccuracy. Ne4 was best. }  (4... Ne4 5. Bd2 Nxd2 6.
Qxd2 e6 7. e4 Bxc5 8. O-O-O Nc6 9. f4) 5. Nf3 e6 6. Bxf6 $6 { Inaccuracy. e4
was best. }  (6. e4 a6) 6... gxf6 7. Qd2 b6 8. O-O-O Bb7 9. e4 d6 $2 { Mistake.
a6 was best. }  (9... a6 10. Kb1) 10. Kb1 Nc6 11. Nb5 $2 { Mistake. Bb5 was
best. }  (11. Bb5) 11... O-O-O 12. Nfd4 $6 { Inaccuracy. a3 was best. }  (12.
a3 Kb8 13. g4 d5 14. exd5 Qxd5 15. Qxd5 Rxd5 16. Rxd5 exd5 17. Be2 Bc5 18. b4
Re8) 12... Kb8 $4 { Blunder. Nxd4 was best. }  (12... Nxd4 13. Qxd4) 13. Nb3
Qe5 14. Bd3 Qg5 $6 { Inaccuracy. d5 was best. }  (14... d5 15. f4 Qh5 16. Be2
Qg6 17. exd5 Rxd5 18. Qe3 Bc5 19. Nxc5 Rxc5 20. Bd3 f5 21. g3) 15. f4 Qg8 $6 {
Inaccuracy. Qh6 was best. }  (15... Qh6 16. Qf2) 16. a4 $6 { Inaccuracy. Qf2
was best. }  (16. Qf2) 16... a6 $6 { Inaccuracy. Be7 was best. }  (16... Be7)
17. Nc3 a5 $4 { Blunder. d5 was best. }  (17... d5 18. exd5) 18. Qf2 Ka7 $6 {
Inaccuracy. Be7 was best. }  (18... Be7) 19. Nb5+ 1-0

[Event "Summer Cup"]
[Site "Wellington Chess Club"]
[Date "2021.03.25"]
[Round "7.16"]
[White "Pendharkar, Ajit"]
[Black "Rossiter, Philip"]
[Result "0-1"]
[WhiteElo "1605"]
[BlackElo "1861"]

1. e4 e6 2. d4 d5 3. e5 c5 4. c3 Nc6 5. a3 Qb6 6. Nf3 c4 7. Be2 Bd7 8. O-O f6
9. a4 Be7 10. Na3 a6 11. exf6 Nxf6 12. Ne5 Nxe5 13. dxe5 Ne4 14. Bf3 Nc5 15.
Nc2 O-O 16. a5 Qc7 17. Re1 Nd3 18. Re3 Nxe5 19. Bxd5 Bc5 20. Re2 Ng4 21. g3
Nxf2 22. Rxf2 Bxf2+ 23. Kg2 exd5 24. Bf4 Qc5 25. Nd4 Bxd4 26. cxd4 Qe7 27. Be5
Qf7 28. Qe2 Qf5 29. Qd2 Qf3+ 30. Kg1 Bh3 31. Bf4 Rae8 32. Qf2 Qxf2+ 33. Kxf2 g5
34. Ra3 gxf4 35. gxf4 Bf5 0-1

[Event "Summer Cup"]
[Site "Wellington Chess Club"]
[Date "2021.03.25"]
[Round "7.17"]
[White "Langford, Josh"]
[Black "Osborne, Geoff"]
[Result "1-0"]
[WhiteElo "1680"]
[BlackElo "1252"]

1. e4 d6 2. d4 Nf6 3. Nc3 g6 4. Be3 c6 5. Qd2 Nbd7 6. f3 b5 7. g4 Bg7 8. Bh6
O-O 9. h4 b4 10. Nd1 Re8 11. Bxg7 Kxg7 12. h5 Ng8 13. hxg6 fxg6 14. Qh2 Nf8 15.
Bc4 d5 16. exd5 cxd5 17. Bd3 Qb6 18. Ne2 a5 19. Ne3 Qc6 20. Nxd5 Ba6 21. Nc7
Bxd3 22. Nxe8+ Rxe8 23. cxd3 Qxf3 24. Qe5+ Nf6 25. Rf1 Qh3 26. g5 Kf7 27. gxf6
Qh4+ 28. Qg3 Qxg3+ 29. Nxg3 exf6+ 30. Kd2 Ne6 31. Ne4 Kg7 32. Rxf6 Nxd4 33.
Raf1 Nf5 34. Ra6 h5 35. Ra7+ Kh6 36. Rh7+ 1-0

[Event "Summer Cup"]
[Site "Wellington Chess Club"]
[Date "2021.03.25"]
[Round "7.18"]
[White "Uzbekov, Igor"]
[Black "Shyamsundar, Tejas"]
[Result "0-1"]
[WhiteElo "1500"]
[BlackElo "1647"]

1. e4 e5 2. Nf3 Nc6 3. d4 exd4 4. Bc4 Nf6 5. e5 d5 6. Bb5 Ne4 7. Nxd4 Bd7 8.
Bxc6 Bxc6 9. O-O Be7 10. Nxc6 bxc6 11. Nd2 Nxd2 12. Bxd2 O-O 13. Qg4 g6 14. f4
f5 15. Qh3 Bc5+ 16. Kh1 d4 17. Rf3 Qd5 18. Qh6 Rf7 19. Rh3 Bf8 20. Qh4 Qe6 21.
Rf1 Kh8 22. Rff3 Be7 23. Qf2 c5 24. Rfg3 Rb8 25. b3 c6 26. Rh6 Rg7 27. Qe2 Qd7
28. Qc4 Qd5 29. Qxd5 cxd5 30. h4 c4 31. Be1 Bc5 32. Bf2 d3 33. bxc4 Bxf2 34.
Rxd3 dxc4 35. Rc3 Rd7 36. h5 Kg7 37. e6 Rd4 38. hxg6 Kxh6 0-1

[Event "Summer Cup"]
[Site "Wellington Chess Club"]
[Date "2021.03.25"]
[Round "7.19"]
[White "Carlyle, Mathieson"]
[Black "Wevers, Alexis"]
[Result "0-1"]
[WhiteElo "1500"]
[BlackElo "1831"]

1. e4 c5 2. Nc3 a6 3. Bc4 b5 4. Bd5 Nc6 5. Bxc6 dxc6 6. d3 e5 7. Nf3 f6 8. Nb1
Be6 9. c3 Ne7 10. Be3 Nc8 11. Qe2 Be7 12. Nbd2 O-O 13. O-O Nb6 14. Rfd1 Qc7 15.
Nb3 c4 16. Nc5 cxd3 17. Nxd3 c5 18. Nd2 c4 19. Bxb6 Qxb6 20. Ne1 f5 21. Nef3
Bc5 22. Nxe5 Rae8 23. Nef3 fxe4 24. Qxe4 Bxf2+ 25. Kh1 Bc8 26. Qd5+ Kh8 27. Qh5
Re6 28. Ng5 Rh6 29. Nf7+ Rxf7 30. Qxf7 Rxh2+ 31. Kxh2 Qh6+ 0-1

[Event "Summer Cup"]
[Site "Wellington Chess Club"]
[Date "2021.03.25"]
[Round "7.20"]
[White "Asher, Bruce"]
[Black "Carroll, Lewis"]
[Result "0-1"]
[WhiteElo "1193"]
[BlackElo "1684"]

1. e4 e5 2. Nf3 Nf6 3. Nc3 Nc6 4. Bb5 Bd6 5. O-O a6 6. Bxc6 dxc6 7. d3 Bd7 8.
Be3 O-O 9. d4 exd4 10. Bxd4 c5 11. Be3 Re8 12. Qd3 Bc6 13. Nd5 Nxe4 14. g3 Bxg3
15. fxg3 Qxd5 16. Bf4 Qxd3 17. cxd3 Nd6 18. Ne5 f6 19. Ng4 Re2 20. Ne3 b6 21.
Rac1 Nf5 22. Nxf5 Rg2+ 23. Kh1 Rxg3+ 0-1

[Event "Summer Cup"]
[Site "Wellington Chess Club"]
[Date "2021.03.25"]
[Round "7.21"]
[White "Jones, Christopher"]
[Black "Kibblewhite, Daniel"]
[Result "1-0"]
[WhiteElo "1500"]
[BlackElo "1639"]

1. d4 d5 2. c4 c6 3. Nc3 Nf6 4. cxd5 cxd5 5. Bg5 h6 6. Bxf6 exf6 7. Qb3 Nc6 8.
e3 Bb4 9. Ne2 O-O 10. g3 Bf5 11. Bg2 Be4 12. O-O Bxg2 13. Kxg2 Bxc3 14. Nxc3
Ne7 15. Qxb7 Rb8 16. Qxa7 Rxb2 17. a4 Nc6 18. Qc5 Rc2 19. Rfc1 Rxc1 20. Rxc1
Ne7 21. a5 Qd7 22. a6 Ra8 23. Ra1 Nc6 24. Qxd5 Ra7 25. Qxd7 Rxd7 26. Nb5 Na7
27. Nxa7 Rxa7 28. Kf3 Kf8 29. Ke4 Ke7 30. Kd5 Kd7 31. Kc5 Kc7 32. d5 Kb8 33.
Kc6 Rc7+ 34. Kd6 Ra7 35. Kc6 Rc7+ 36. Kb6 Ra7 37. d6 Ka8 38. Kc6 Kb8 39. d7
Rc7+ 40. Kd6 Rc2 41. d8=Q+ Rc8 42. Qxc8+ Kxc8 43. Rb1 1-0

[Event "Summer Cup"]
[Site "Wellington Chess Club"]
[Date "2021.03.25"]
[Round "7.22"]
[White "Marney, John"]
[Black "Rudykh, Dmitry"]
[Result "1-0"]
[WhiteElo "1638"]
[BlackElo "1500"]

1. e4 e5 2. Nf3 Nc6 3. Bc4 Nf6 4. d3 Bc5 5. c3 h6 6. Nbd2 d6 7. Bb3 a6 8. O-O
O-O 9. Re1 Ng4 10. Rf1 Nf6 11. h3 Qe7 12. Re1 Be6 13. Nf1 b5 14. Ng3 Bxb3 15.
axb3 Qd7 16. b4 Bb6 17. Nf5 Ne7 18. N3h4 Qd8 19. Nxe7+ Qxe7 20. Nf5 Qd7 21. Qf3
Kh7 22. Nxh6 c5 23. Qf5+ Qxf5 24. Nxf5 Rfd8 25. Be3 Rd7 26. Nxd6 Rxd6 27. bxc5
Bxc5 28. Bxc5 Rxd3 29. Bb6 Nd7 30. Be3 Nf6 31. f3 Nd7 32. Rad1 Rxd1 33. Rxd1
Nf8 34. Rd6 Ng6 35. Kf2 a5 36. Rb6 b4 37. cxb4 axb4 38. Rxb4 Ra2 39. Kg3 f6 40.
Rb8 Ne7 41. Bc5 Ng6 42. Be3 Ra1 43. b4 Re1 44. Kf2 Rb1 45. Kg3 Rb2 46. b5 Re2
47. Bf2 Nf4 48. b6 Rb2 49. b7 Kh6 50. Rh8+ Kg6 51. b8=Q Nh5+ 52. Kg4 Rxb8 53.
Rxb8 Nf4 54. Kg3 Kh5 55. Rh8+ Kg6 56. Be3 Nh5+ 57. Kf2 Nf4 58. Bxf4 exf4 59. g3
fxg3+ 60. Kxg3 f5 61. e5 Kg5 62. f4+ Kg6 63. Kh4 Kf7 64. Kg5 g6 65. Rh6 Kg7 66.
Rxg6+ Kh7 67. e6 Kh8 68. e7 1-0

[Event "Summer Cup"]
[Site "Wellington Chess Club"]
[Date "2021.03.25"]
[Round "7.23"]
[White "Wang, Cheng Qi(Max)"]
[Black "Darr, Samuel"]
[Result "0-1"]
[WhiteElo "1034"]
[BlackElo "1632"]

1. e4 e5 2. Nf3 Nc6 3. Bc4 Nf6 4. d3 Bc5 5. Bg5 h6 6. Bh4 d6 7. O-O Bg4 8. Nbd2
g5 9. Bg3 Nh5 10. h3 Nxg3 11. hxg4 Nxf1 12. Qxf1 Ne7 13. Nh2 d5 14. exd5 Nxd5
15. Ne4 Bb6 16. Bxd5 Rf8 17. Bxb7 Rb8 18. Bc6+ Ke7 19. Nf3 f5 20. gxf5 Rxf5 21.
g4 Rxf3 22. Nxg5 Rxf2 23. Qxf2 Bxf2+ 24. Kxf2 hxg5 25. Re1 Qd4+ 26. Kf3 Qf4+
27. Kg2 Rh8 28. Kg1 Qh2+ 29. Kf1 Rf8+ 0-1

[Event "Summer Cup"]
[Site "Wellington Chess Club"]
[Date "2021.03.25"]
[Round "7.24"]
[White "Malcolm, Aidan"]
[Black "Ashe, Michael"]
[Result "1-0"]
[WhiteElo "1500"]
[BlackElo "1816"]

1. e4 c6 2. d4 d5 3. exd5 cxd5 4. c4 Nf6 5. Nc3 Nc6 6. Nf3 Bg4 7. cxd5 Nxd5 8.
Qb3 Bxf3 9. gxf3 e6 10. Qxb7 Nxd4 11. Bb5+ Nxb5 12. Qc6+ Ke7 13. Qxb5 Qd7 14.
Nxd5+ Qxd5 15. Qxd5 exd5 16. Be3 Ke6 17. O-O Be7 18. Rfe1 Bf6 19. Rad1 Kd6 20.
Bf4+ Kc6 21. Rc1+ Kb6 22. Rc7 Rhf8 23. Rec1 d4 24. R1c6+ Kb5 25. a4+ Kxa4 26.
Rb7 Bd8 27. Ra6+ Ba5 28. Bc7 1-0

[Event "Summer Cup"]
[Site "Wellington Chess Club"]
[Date "2021.03.25"]
[Round "7.25"]
[White "Lavender, Ariel"]
[Black "Dixon, Hamish"]
[Result "0-1"]
[WhiteElo "1500"]
[BlackElo "1724"]

1. d4 Nf6 2. Bf4 g6 3. Nc3 d5 4. f3 Nc6 5. Qd2 Bg7 6. O-O-O Nh5 7. Bh6 Bxd4 8.
g4 Bxc3 9. Qxc3 Nf6 10. g5 d4 11. Qc4 Nd5 12. Qa4 Rg8 13. Rxd4 e5 14. Rd2 Bd7
15. e4 Nb6 16. Qa3 Qe7 17. Qxe7+ Nxe7 18. Bh3 O-O-O 19. Bxd7+ Rxd7 20. Rxd7
Kxd7 21. Ne2 Nbc8 22. f4 exf4 23. Rd1+ Ke6 24. Nxf4+ Ke5 25. Nd5 Nxd5 26. exd5
Nd6 27. b3 Nf5 28. c4 Nxh6 29. Re1+ Kd6 30. gxh6 Kd7 31. Kd2 Re8 32. Rf1 f5 33.
h4 Re5 34. Rf4 Kd6 35. b4 b6 36. Kd3 Re1 37. Kc3 Ke5 38. Rf2 Re4 39. Kd3 Rd4+
40. Kc3 Rxh4 41. Re2+ Re4 0-1

[Event "Summer Cup"]
[Site "Wellington Chess Club"]
[Date "2021.03.25"]
[Round "7.26"]
[White "Stracy, Don"]
[Black "Winsley, Nicholas"]
[Result "0-1"]
[WhiteElo "1686"]
[BlackElo "1690"]

1. e4 c5 2. Nf3 d6 3. d4 cxd4 4. Nxd4 Nf6 5. Nc3 a6 6. Bd3 e5 7. Nf3 d5 8. Nxd5
Nxd5 9. exd5 Qxd5 10. O-O Be6 11. Re1 Nc6 12. Bg5 f6 13. Bh4 Rd8 14. Nd2 Qd4
15. Qe2 Qxh4 16. Rad1 Nd4 17. Qf1 Bd6 18. c3 e4 19. cxd4 Qxh2# 0-1

[Event "Summer Cup"]
[Site "Wellington Chess Club"]
[Date "2021.03.25"]
[Round "7.27"]
[White "Miller, Jackson"]
[Black "Jelley, Arch"]
[Result "0-1"]
[WhiteElo "1500"]
[BlackElo "1910"]

1. e4 c5 2. Nf3 d6 3. d4 cxd4 4. Nxd4 Nc6 5. Nc3 a6 6. Be3 Nf6 7. f3 g6 8. Qd2
Bg7 9. O-O-O O-O 10. g4 Ne8 11. Nde2 b5 12. Bh6 Qa5 13. Kb1 Be6 14. Bxg7 Nxg7
15. b3 Nb4 16. Nc1 Rac8 17. Bd3 Rc5 18. Nd5 Bxd5 19. exd5 Rfc8 20. c4 bxc4 21.
Bxc4 Qb6 22. Qb2 Qb7 23. Nd3 Nxd3 24. Rxd3 Rb8 25. Rd4 Ne8 26. h4 Nf6 27. h5
Rxc4 28. Rxc4 Qxd5 29. Qe2 gxh5 30. gxh5 Qf5+ 31. Qc2 Qxf3 32. Rg1+ Kf8 33.
Rc8+ Rxc8 34. Qxc8+ Ne8 35. Qg4 Qxg4 36. Rxg4 f5 37. Rc4 Nf6 38. Ra4 Nxh5 39.
Rxa6 f4 40. Kc1 Nf6 41. Rc6 Ne4 42. Kd1 f3 43. a4 Nf2+ 44. Ke1 Nd3+ 45. Kf1 e5
46. Rxd6 e4 47. Re6 Nc5 48. Re5 Nxb3 49. Rxe4 Nd2+ 50. Kf2 Nxe4+ 51. Kxf3 Nc5
52. a5 Ke7 53. Kf4 Kd6 54. Kg5 Nd7 55. Kh6 Nf8 56. Kg7 Kc5 57. Kh6 Kb5 58. Kg7
Kxa5 59. Kh6 Kb5 60. Kh5 Kc5 61. Kh6 Kd6 62. Kh5 Ke6 63. Kh6 Kf6 64. Kh5 Kg7
65. Kh4 Kg6 66. Kh3 Kg5 67. Kh2 Kg4 68. Kh1 Ng6 69. Kh2 Nf4 70. Kh1 Kg3 71. Kg1
Nh3+ 72. Kh1 Nf2+ 73. Kg1 h5 0-1

[Event "Summer Cup"]
[Site "Wellington Chess Club"]
[Date "2021.03.25"]
[Round "7.28"]
[White "Vachon, Mia"]
[Black "Rudykh, Richard"]
[Result "0-1"]
[WhiteElo "1500"]
[BlackElo "1500"]

1. e4 e5 2. Nc3 Nc6 3. f4 exf4 4. Nf3 d6 5. h3 f6 6. Bc4 Nge7 7. d4 g5 8. a3 a6
9. a4 Na5 10. Ba2 h6 11. e5 dxe5 12. dxe5 Qxd1+ 13. Nxd1 fxe5 14. Nxe5 Nac6 15.
Nxc6 Nxc6 16. Bd2 Nb4 17. O-O Rh7 18. Bxb4 Bxb4 19. c3 Bc5+ 20. Kh1 Bf5 21. b4
Ba7 22. g3 Be4+ 23. Kh2 Rf7 24. Nf2 fxg3+ 25. Kxg3 Rf3+ 26. Kg4 Bxf2 27. Rac1
Kf8 28. Bb1 Rf4+ 29. Kh5 Kg7 30. Bxe4 Rh4# 0-1

[Event "Summer Cup"]
[Site "Wellington Chess Club"]
[Date "2021.03.25"]
[Round "7.29"]
[White "Dunlop, Rafe"]
[Black "Qu, Lucas"]
[Result "1-0"]
[WhiteElo "1376"]
[BlackElo "1500"]

1. e4 e5 2. Nf3 Nc6 3. Bb5 Nd4 4. Bc4 Nxf3+ 5. Qxf3 Nf6 6. Nc3 g5 7. d3 Bb4 8.
Bxg5 Be7 9. Bxf6 Bxf6 10. Nd5 b5 11. Nxf6+ Kf8 12. Bxb5 d6 13. O-O-O Be6 14. d4
Rb8 15. Bc6 Bxa2 16. b3 Rb6 17. Ba4 Rb7 18. dxe5 c5 19. Rxd6 Ke7 20. Rxd8 Rxd8
21. Ng8+ Rxg8 22. Qf6+ Kf8 23. Qh6+ Rg7 24. Qd6+ Re7 25. Qd8+ Re8 26. Qxe8# 1-0

[Event "Summer Cup"]
[Site "Wellington Chess Club"]
[Date "2021.04.08"]
[Round "8.1"]
[White "Wastney, Scott"]
[Black "Ker, Anthony"]
[Result "1/2-1/2"]
[WhiteElo "2434"]
[BlackElo "2440"]

1. e4 c5 2. Nf3 g6 3. d4 cxd4 4. Qxd4 Nf6 5. e5 Nc6 6. Qa4 Nd5 7. Qe4 Ndb4 8.
Bb5 Qa5 9. Nc3 d5 10. exd6 Bf5 11. Qe5 f6 12. Bxc6+ Nxc6 13. Qxa5 Nxa5 14. dxe7
Bxe7 15. Nd4 Bd7 16. Nd5 Kf7 17. Nxe7 Rhe8 18. O-O Rxe7 19. b3 Nc6 20. Nxc6
Bxc6 21. Be3 a6 22. Rfd1 Rd7 23. Rxd7+ Bxd7 24. Rd1 Bf5 25. c4 Re8 26. Kf1 Re7
27. Ke2 Rd7 28. Bd4 Bc2 29. Rd2 Bb1 30. Kd1 Be4 31. f3 Bc6 32. a4 f5 33. Kc2
Re7 34. Kc3 Re1 35. Kb4 Rh1 36. h3 Rb1 37. Bb2 g5 38. Ka5 g4 39. hxg4 fxg4 40.
fxg4 Rg1 41. Rf2+ Ke7 42. Ba3+ Ke6 43. Re2+ Kf6 44. Be7+ Kf7 45. g5 Rxg2 46.
Re3 Rg4 47. Bf6 Re4 48. Rh3 Kg8 49. Kb6 Re6 50. Rg3 Kf7 51. Ka5 Be4 52. Rh3 Bf5
53. Rh4 Re3 54. b4 Re4 55. Rxe4 Bxe4 56. Bc3 Ke6 57. Kb6 Kd7 58. b5 axb5 59.
cxb5 Kc8 60. Be5 Bc2 61. a5 Bd3 62. a6 bxa6 63. bxa6 Be4 64. Kc5 Bd3 65. Kb6
Be4 66. Bf4 Bd3 1/2-1/2

[Event "Summer Cup"]
[Site "Wellington Chess Club"]
[Date "2021.04.08"]
[Round "8.2"]
[White "Russell, Athula"]
[Black "Croad, Nicolas"]
[Result "1/2-1/2"]
[WhiteElo "2261"]
[BlackElo "2455"]

1. d4 Nf6 2. Nf3 c5 3. e3 g6 4. Be2 Bg7 5. O-O O-O 6. c4 cxd4 7. Nxd4 Nc6 8.
Nc3 d6 9. Nc2 Be6 10. e4 Rc8 11. b3 a6 12. Bd2 Nd7 13. Rc1 Nc5 14. Ne3 Bxc3 15.
Bxc3 Nxe4 16. Bb2 f5 17. Bf3 Qa5 18. Ng4 h5 19. Bxe4 fxe4 20. Ne3 Qg5 21. Qc2
Bf5 22. Rfe1 e5 23. Qd2 Rcd8 24. Rcd1 h4 25. Nxf5 Qxd2 26. Ne7+ Nxe7 27. Rxd2
b5 28. Rxe4 bxc4 29. Rxc4 Nf5 30. Rc6 a5 31. h3 e4 32. Bd4 Rc8 33. Rxc8 Rxc8
34. Be3 Rc1+ 35. Kh2 Re1 36. Bf4 Kf7 37. Bxd6 e3 38. fxe3 Nxe3 39. Rf2+ Ke6 40.
Bc7 Nf1+ 41. Rxf1 Rxf1 42. Bxa5 Ra1 43. a4 Ra3 44. Bd8 Rxb3 45. Bxh4 Rb4 46. g4
Rxa4 47. Bg5 Ke5 48. Kg3 Ke4 49. h4 Ra3+ 50. Kg2 Ra5 51. Kg3 Ra1 52. Kg2 Ra8
53. Bh6 Rh8 54. Bg5 Rf8 55. Bh6 Rf7 56. Bg5 Kd3 57. Kg3 Rf1 58. Bh6 Ke2 59. Bg5
Rf3+ 60. Kg2 Ra3 61. Bh6 Ra4 62. Kg3 Rb4 63. Bg5 Kd3 64. Bh6 Ke4 65. Bg5 Rb1
66. Kg2 Rb2+ 67. Kg3 Rb5 68. Bh6 Ra5 69. Bg5 Rxg5 70. hxg5 Ke3 71. Kh3 1/2-1/2

[Event "Summer Cup"]
[Site "Wellington Chess Club"]
[Date "2021.04.08"]
[Round "8.3"]
[White "Wojnar, Jacek"]
[Black "Winter, Ryan"]
[Result "0-1"]
[WhiteElo "2057"]
[BlackElo "2165"]

1. e4 c6 2. d4 d5 3. e5 Bf5 4. g4 Be4 5. f3 Bg6 6. h4 h5 7. e6 Qd6 8. exf7+
Bxf7 9. g5 Qg3+ 10. Ke2 Nd7 11. Rh3 Qc7 12. f4 Be6 13. Rg3 Bg4+ 14. Nf3 e6 15.
Bh3 Bxh3 16. Rxh3 Ne7 17. Be3 Nf5 18. Nbd2 Bd6 19. Ne5 Nxe5 20. fxe5 Be7 21.
Nf1 O-O-O 22. Ng3 Rdf8 23. Nxf5 Rxf5 24. Rf3 Rhf8 25. Rxf5 Rxf5 26. Qd3 Bf8 27.
Rf1 Rxf1 28. Kxf1 Qf7+ 29. Kg2 Kd7 30. g6 Qe8 31. Bg5 Be7 32. Kg3 Bxg5 33. hxg5
Qf8 34. Qf3 Qxf3+ 35. Kxf3 c5 36. Kg3 cxd4 37. Kh4 Kc6 38. Kxh5 Kc5 39. Kg4 d3
40. cxd3 Kd4 41. Kf4 Kxd3 0-1

[Event "Summer Cup"]
[Site "Wellington Chess Club"]
[Date "2021.04.08"]
[Round "8.4"]
[White "Pomeroy, Arthur"]
[Black "Wojnar, Maciej"]
[Result "0-1"]
[WhiteElo "2039"]
[BlackElo "2101"]

1. e4 Nf6 2. e5 Nd5 3. d4 d6 4. Nf3 dxe5 5. Nxe5 c6 6. Bc4 g6 7. Qf3 Be6 8. Nd2
Bg7 9. Ne4 O-O 10. c3 Nc7 11. Bd3 Nba6 12. Bf4 Bd5 13. Qe3 Ne6 14. O-O c5 15.
Bxa6 cxd4 16. cxd4 bxa6 17. Rfd1 Nxf4 18. Qxf4 Rb8 19. Nc3 Ba8 20. b3 Qd6 21.
Qe3 Rbc8 22. Nc4 Qf6 23. Ne5 Rfd8 24. Ne4 Qe6 25. Nc5 Qd5 26. f3 Rd6 27. Ne4
Bxe5 28. dxe5 Qxe5 29. Qxa7 Bxe4 30. fxe4 Rcd8 31. Re1 R8d7 0-1

[Event "Summer Cup"]
[Site "Wellington Chess Club"]
[Date "2021.04.08"]
[Round "8.5"]
[White "Dive, Russell"]
[Black "Sole, Michael"]
[Result "1-0"]
[WhiteElo "2407"]
[BlackElo "1986"]

1. d4 Nf6 2. c4 e6 3. Nc3 Bb4 4. e3 O-O 5. Bd3 c5 6. Ne2 cxd4 7. exd4 b6 8. O-O
Bb7 9. Bg5 Be7 10. Bc2 d5 11. cxd5 Nxd5 12. Bxe7 Qxe7 13. Qd3 g6 14. Qg3 Nd7
15. Bb3 N7f6 16. Rad1 Rfd8 17. Rfe1 Rac8 18. Qg5 Kg7 19. Rd3 h6 20. Qd2 a6 21.
Rh3 Ng8 22. Bxd5 Bxd5 23. Nf4 Qd6 24. Ncxd5 exd5 25. Re5 Qc6 26. Rc3 Qa4 27. a3
Rxc3 28. Qxc3 Nf6 29. g3 Rd6 30. Qc7 Rc6 31. Ne6+ Rxe6 32. Rxe6 Qd1+ 33. Kg2
Qxd4 34. Re7 Kh8 35. Qc3 Qxc3 36. bxc3 Ne4 37. c4 Nc3 38. cxd5 Nxd5 39. Rxf7
1-0

[Event "Summer Cup"]
[Site "Wellington Chess Club"]
[Date "2021.04.08"]
[Round "8.6"]
[White "Sellen, Ian"]
[Black "Hall, Nathan"]
[Result "1/2-1/2"]
[WhiteElo "2044"]
[BlackElo "1867"]

1. c4 Nf6 2. Nc3 e6 3. d4 Bb4 4. e3 c5 5. Nf3 O-O 6. Bd3 Bxc3+ 7. bxc3 Nc6 8.
O-O d6 9. Rb1 Re8 10. Qc2 e5 11. e4 Bg4 12. d5 Na5 13. Ne1 b6 14. f4 exf4 15.
Bxf4 h6 16. Nf3 Nh5 17. Bd2 Re7 18. Rbe1 Qf8 19. e5 Rae8 20. e6 Bxe6 21. dxe6
Rxe6 22. Rxe6 Rxe6 23. Nh4 Nf6 24. Nf5 Nc6 25. Bf4 Ne5 26. Bxe5 dxe5 27. Be4
Nxe4 28. Qxe4 Qd8 29. Ne3 Rd6 30. Nd5 Qe8 31. Qg4 Rg6 32. Qf5 Rg5 33. Qf3 Qe6
34. h3 e4 35. Qf4 a5 36. Kh2 Re5 37. Nxb6 e3 38. Nd5 e2 39. Re1 Qd6 40. Ne3 Qd2
41. Rxe2 Qxe2 42. Qxe5 Qxa2 43. Qe8+ Kh7 44. Qxf7 Qd2 45. Nd5 Qg5 46. Qf4 Qg6
47. Qe3 a4 48. Qxc5 Qf5 49. Qe3 a3 50. Nb4 Qb1 51. Qd2 Qb2 52. Qd3+ Kh8 53. c5
a2 54. Nxa2 Qxa2 55. c6 Qf7 56. Qg3 Qf5 57. Qd6 Kh7 58. c4 h5 59. Qd4 Qf8 60.
Qe5 Qf7 61. c5 h4 62. c7 Qf8 63. Qh5+ Kg8 64. Qxh4 Qxc5 65. Qd8+ Kh7 66. c8=Q
Qe5+ 1/2-1/2

[Event "Summer Cup"]
[Site "Wellington Chess Club"]
[Date "2021.04.08"]
[Round "8.7"]
[White "Tanoi, Edward"]
[Black "Forster, Bill"]
[Result "1/2-1/2"]
[WhiteElo "1934"]
[BlackElo "2038"]

1. d4 d5 2. c4 c6 3. g3 dxc4 4. Bg2 Nf6 5. Nc3 e6 6. Nf3 Bb4 7. O-O O-O 8. Bf4
Bd6 9. Bd2 Re8 10. Bg5 Nbd7 11. Qc2 Qc7 12. h3 e5 13. dxe5 Bxe5 14. Nxe5 Qxe5
15. Be3 1/2-1/2

[Event "Summer Cup"]
[Site "Wellington Chess Club"]
[Date "2021.04.08"]
[Round "8.8"]
[White "Stone, Andrew"]
[Black "Van der Hoorn, Thomas"]
[Result "1-0"]
[WhiteElo "2037"]
[BlackElo "1599"]

1. e4 e5 2. Nf3 Nc6 3. Bc4 Bc5 4. c3 Nf6 5. d4 exd4 6. b4 Bb6 7. e5 d5 8. exf6
dxc4 9. b5 Nb8 10. fxg7 Rg8 11. O-O Be6 12. Bh6 d3 13. Re1 Qf6 14. Qd2 Nd7 15.
Qg5 Ba5 16. Nd4 Qxg5 17. Bxg5 Rxg7 18. Nxe6 fxe6 19. Rxe6+ Kf7 20. Re7+ Kg6 21.
Rxg7+ Kxg7 22. Be3 Nb6 23. Bd4+ Kg6 24. Nd2 Re8 25. g3 Re2 26. Rd1 Rxd2 27.
Rxd2 Nd5 28. Kg2 Bxc3 29. Bxc3 Nxc3 30. Kf3 Kf5 31. Ke3 Ne4 32. g4+ Ke5 33. f4+
Kd5 34. Rd1 Nc3 35. Rf1 Nxb5 36. f5 Nd6 37. f6 Nf7 38. h4 Ke6 39. a4 a6 40. Rf5
Nd6 41. Rc5 b5 42. axb5 axb5 43. Rxc7 b4 44. f7 Nxf7 45. Rxc4 b3 46. Rb4 Ne5
47. Rb6+ Kf7 48. Rxb3 Nxg4+ 49. Kxd3 Kg6 50. Rb5 Nf6 51. Ke3 h6 52. Ra5 Ng4+
53. Kf4 Nf2 54. Ra6+ Kh5 55. Rb6 Nd3+ 56. Kg3 Nc1 57. Rb5+ Kg6 58. h5+ Kf6 59.
Kg4 Nd3 60. Rb6+ Kg7 61. Kf5 Nc5 62. Rc6 Nd3 63. Rc7+ Kg8 64. Ra7 Kf8 65. Kg6
Ne5+ 66. Kxh6 Nf7+ 67. Kg6 Ne5+ 68. Kf6 Ng4+ 69. Kg5 Ne5 70. h6 Nf7+ 71. Kf6
Nxh6 72. Ra8# 1-0

[Event "Summer Cup"]
[Site "Wellington Chess Club"]
[Date "2021.04.08"]
[Round "8.9"]
[White "Zaslow, Henry"]
[Black "Jackson, Ross"]
[Result "1-0"]
[WhiteElo "1500"]
[BlackElo "2006"]

1. e4 c5 2. Nf3 d6 3. d4 cxd4 4. Nxd4 Nf6 5. Nc3 a6 6. Rg1 b5 7. g4 Bb7 8. Bg2
b4 9. Nd5 e6 10. Nxf6+ Qxf6 11. Be3 Qd8 12. f4 Be7 13. g5 d5 14. Qh5 g6 15. Qh3
dxe4 16. O-O-O Qa5 17. Nb3 Qf5 18. Qh4 h5 19. Bd4 Rg8 20. Be5 Qg4 21. Qe1 Nc6
22. Bxe4 Qh3 23. Rd3 Qxh2 24. Rh1 Nxe5 25. Rxh2 Nxd3+ 26. cxd3 O-O-O 27. Rc2+
Kb8 28. Bxb7 Kxb7 29. Nc5+ Bxc5 30. Rxc5 Rc8 31. Qxb4+ Ka7 32. Rxc8 Rxc8+ 33.
Kd2 1-0

[Event "Summer Cup"]
[Site "Wellington Chess Club"]
[Date "2021.04.08"]
[Round "8.10"]
[White "Rossiter, Philip"]
[Black "Cilia Vincenti, David"]
[Result "1/2-1/2"]
[WhiteElo "1861"]
[BlackElo "2276"]

1. Nf3 f5 2. c4 Nf6 3. Nc3 d6 4. g3 e5 5. Bg2 g6 6. O-O Bg7 7. Nd5 c6 8. Nxf6+
Qxf6 9. d3 O-O 10. Rb1 a5 11. Bd2 Nd7 12. Bc3 Qe7 13. Qd2 a4 14. b4 axb3 15.
axb3 Nf6 16. Qb2 e4 17. dxe4 fxe4 18. Nd4 e3 19. f3 c5 20. Nc2 d5 21. cxd5 Nxd5
22. Bxg7 Qxg7 23. Qxg7+ Kxg7 24. Ra1 Bf5 25. f4 Nxf4 26. Nxe3 Nxe2+ 27. Kh1
Rxa1 28. Rxa1 b5 29. Bd5 Bh3 30. Ra7+ Kh6 31. Bg2 Be6 32. Rc7 Rc8 33. Rb7 Nd4
34. Bf1 b4 35. Re7 Bxb3 36. Bh3 Ra8 37. Ng4+ Kg5 38. Re5+ Nf5 39. Rxc5 Bd1 40.
Ne3 Bf3+ 41. Kg1 Be4 42. Bxf5 gxf5 43. Rb5 Ra1+ 44. Kf2 Ra2+ 45. Kg1 Re2 46.
h4+ Kf6 47. Rb6+ Kg7 48. Nc4 Rg2+ 49. Kf1 Rxg3 50. Rxb4 Rh3 51. Nd6 Rf3+ 52.
Kg1 Rf4 53. Nxf5+ Kf6 54. Ng3 Ke5 55. Rxe4+ Rxe4 56. Nxe4 Kxe4 1/2-1/2

[Event "Summer Cup"]
[Site "Wellington Chess Club"]
[Date "2021.04.08"]
[Round "8.11"]
[White "Shyamsundar, Tejas"]
[Black "Benitez, Edgar"]
[Result "0-1"]
[WhiteElo "1647"]
[BlackElo "2033"]

1. d4 Nf6 2. c4 e6 3. g3 d5 4. Bg2 c5 5. Nf3 Nc6 6. Bg5 Qb6 7. Nc3 cxd4 8. Nb5
Bb4+ 9. Bd2 O-O 10. O-O Bxd2 11. Qxd2 e5 12. Na3 Be6 13. Ng5 Rad8 14. Qc2 Nb4
15. Qd2 a5 16. Nxe6 fxe6 17. cxd5 exd5 18. Rfc1 Ng4 19. Rf1 e4 20. h3 Nxf2 21.
Rxf2 Rxf2 22. Kxf2 e3+ 0-1